| 000 | 00483ntaaa2200193 4500 | ||
|---|---|---|---|
| 003 | 01 | ||
| 005 | 20251027200653.0 | ||
| 008 | 0714s1973 ag 01 | ||
| 040 |
_aAR-BaBN _bspa _cAR-BaBN _eaacr _dRIC |
||
| 082 | _a220.7 K28 | ||
| 245 |
_aLayman's Bible Commentary / _cBalmer Kelly |
||
| 250 | _a1 ed. | ||
| 260 |
_aRichmond : _bJ. Knok, _c1959 |
||
| 300 | _a25 v | ||
| 650 | _aBiblia-Comentario | ||
| 650 |
_aBiblia-Introduccion _9229 |
||
| 700 |
_aKelly, Balmer _92845 |
||
| 942 | _cBK | ||
| 999 |
_c1235 _d1235 |
||